|
|
|
|
| LEADER |
00000nam0a2200000 4500 |
| 001 |
88512 |
| 005 |
20231101213615.0 |
| 020 |
|
|
|a RU
|b 86-62550
|
| 035 |
|
|
|a (RuTPU)RU\TPU\book\94996
|
| 090 |
|
|
|a 88512
|
| 100 |
|
|
|a 20051226d1986 k y0rusy5003 ca
|
| 101 |
0 |
|
|a rus
|
| 102 |
|
|
|a RU
|
| 105 |
|
|
|a a z 001zy
|
| 200 |
1 |
|
|a Геометрия и Марсельеза
|f В. П. Демьянов
|
| 205 |
|
|
|a 2-е изд., перераб. и доп.
|
| 210 |
|
|
|a Москва
|c Знание
|d 1986
|
| 215 |
|
|
|a 256 с.
|
| 225 |
1 |
|
|a Творцы науки и техники
|
| 600 |
|
1 |
|a Монж
|b Г.
|c французский математик
|c инженер
|c создатель начертательной геометрии
|f 1746-1818
|g Гаспар
|2 stltpush
|3 (RuTPU)RU\TPU\pers\15688
|9 5464
|
| 610 |
1 |
|
|a математика
|
| 610 |
1 |
|
|a математическая наука
|
| 610 |
1 |
|
|a Франция
|
| 610 |
1 |
|
|a 18 век
|
| 610 |
1 |
|
|a 19 век
|
| 675 |
|
|
|a 51(092)
|z rus
|v 3
|
| 700 |
|
1 |
|a Демьянов
|b В. П.
|g Владимир Петрович
|
| 801 |
|
0 |
|a RU
|b RuMRKP
|c 19950704
|g psbo
|
| 801 |
|
1 |
|a RU
|b 63413507
|c 20051226
|g PSBO
|
| 801 |
|
2 |
|a RU
|b 63413507
|c 20061212
|g PSBO
|
| 942 |
|
|
|c BK
|